| 000 | 00894nam a22003017a 4500 | ||
|---|---|---|---|
| 003 | CHAP | ||
| 005 | 20220329133523.0 | ||
| 008 | 971013s1991 r 00010 d | ||
| 010 | _a7347 | ||
| 011 | _a8319 | ||
| 035 | _a7545 | ||
| 040 | _cCHAP | ||
| 082 |
_a338.9 _bG55 |
||
| 100 | 0 | 0 |
_aGilg, Andrew W. _947998 |
| 245 | _aCountryside planning policies for the 1990s | ||
| 260 |
_aOxon : _bC.A.B. International, _c1991 |
||
| 300 | _a290 p. | ||
| 500 | _a63-64 | ||
| 590 |
_aBATCH-UPD _b10 _c20130110 _lUCH01 _h1901 |
||
| 590 |
_aBATCH-UPD _b10 _c20130410 _lUCH01 _h1229 |
||
| 590 |
_aBATCH-UPD _b10 _c20130914 _lUCH01 _h1546 |
||
| 590 |
_aCONVERSION _b10 _c20130109 _lUCH01 _h1305 |
||
| 650 | 1 | 4 |
_aPolítica agrícola. _990283 |
| 650 | 1 | 4 |
_aPolítica forestal. _990563 |
| 901 | _aBK | ||
| 942 | _cLIBRO | ||
| 949 |
_a338.9 G55 _bBC _cLIBRO _d33724000418265 _eLIBRO _gI.165541 _h83721 _i7545 _si _t283.00 |
||
| 999 |
_c7347 _d7347 |
||